000 00632nam a2200241Ia 4500
003 OSt
005 20221007073441.0
006 a|||||r|||| 00| 0
007 ta
008 221006b |||||||| |||| 00| 0 eng d
020 _cRs.120/-
024 _a8,775
037 _cTextual
040 _aFLL
_cFLL
_beng
041 _2eng
_aeng
082 _aZ2,2,4, P0
100 _aSarathi Vepa P. Au.
_9681827
245 0 _aLaw of transfer property
260 _aLucknow
_bEastern book company India
_c2000
300 _a384p
_ccm.
942 _hZ2,2,4, P0
_cTEXL
_2CC
999 _c1148780
_d1148780